| 000 | 00635 a2200193 4500 | ||
|---|---|---|---|
| 001 | 130594 | ||
| 020 | _a85-02-01627-X | ||
| 040 | _cLeonardo Da Vinci | ||
| 041 | _aPortuguês | ||
| 082 |
_a347.01 C291t _bC291t |
||
| 100 | _aCARNEIRO, Waldir de Arruda Miranda | ||
| 245 |
_aTeoria e prática da ação revisional de aluguel _bLei n. 8.245, de 18 de outubro de 1991 |
||
| 250 | _a2.ed | ||
| 260 |
_bSaraiva _c1996 _aSão Paulo |
||
| 300 | _a308 | ||
| 362 | _a19960000 | ||
| 697 |
_aDireito Civil _aJurisprudência _aLeis _aLegislação _aInquilinato _aLocação _aFundo de comércio _aDespejo _aAquisição _aBrasil _aFIPEN |
||
| 942 | _cBK | ||
| 999 |
_c130594 _d130594 |
||